00683nam a2200181 a 450000100100000000500170001000800410002704000250006808200150009310000400010824500850014826000390023330000280027250000560030004900090035695201190036599900170048400001924720200929165948.0100528s1964 sp a r 000 0 spa d aDO-SdBNPbspacBNPHU axxxbB191i1 aBallesteros Gaibrois, Manuel91852610aIsabel de Castilla, reina católica de España /cManuel Ballesteros Gaibrois. aMadrid :bEditora Nacional,c1964. a275 p. :bil. ;c24 cm. aEn la portada: XXV aniversario de la paz española aBNGR 001054708MOaGRbGRcCTd2010-05-28iLF1l0oxxx B191ip19247-10r2020-06-25w2020-06-25y4ZPréstamo en sala c18765d18765